000 00425nam a22001817a 4500
003 MPLRDC
005 20220104142613.0
008 210129b ||||| |||| 00| 0 eng d
020 _a7-5378-1043-5
082 _a735.3 JT
100 _a江浩
245 _a穿越铁幕
_c
250 _a一版一刷
260 _a
_b北岳文艺出版社
_c1993
300 _b
650 _a中东--以色列
942 _cBK
_o735.3 JT
999 _c32227
_d32217